[Event "Parana Agmer U2200"]
[Site "Parana"]
[Date "2017.06.10"]
[Round "3.6"]
[White "Kulmichel, Arturo"]
[Black "Ronchese, Angel"]
[Result "1-0"]
[WhiteElo "1759"]
[BlackElo "1515"]
[PlyCount "67"]
[EventDate "2017.06.09"]
[EventType "swiss"]
[EventRounds "6"]
[EventCountry "ARG"]
[SourceTitle "EXT 2024"]
[Source "ChessBase"]
[SourceDate "2023.10.10"]
[SourceVersion "1"]
[SourceVersionDate "2023.10.10"]
[SourceQuality "1"]

1. e4 c5 2. Bc4 e6 3. c3 d6 4. Nf3 a6 5. a4 Nf6 6. d3 Be7 7. 0-0 Qc7 8. Bf4 Nbd7 9. Nbd2 0-0 10. Re1 e5 11. Bg3 Nh5 12. Nxe5 Nxg3 13. Nxf7 Rxf7 14. fxg3 Ne5 15. Bd5 Nxd3 16. Bxf7+ Kxf7 17. Qf3+ Kg8 18. Qxd3 Bd7 19. a5 Bc6 20. Nc4 Rd8 21. Nb6 Bb5 22. Qd5+ Kh8 23. Qe6 Bf8 24. Rad1 Re8 25. Rf1 Qd8 26. Rxf8+ Rxf8 27. c4 Bc6 28. e5 Re8 29. Qxd6 Qg5 30. Re1 Qf5 31. Rf1 Qxf1+ 32. Kxf1 h6 33. e6 Kh7 34. Nd5 1-0

[Event "Parana Agmer U2200"]
[Site "Parana"]
[Date "2017.06.10"]
[Round "4.11"]
[White "Ronchese, Angel"]
[Black "Sarla, Andres"]
[Result "1-0"]
[WhiteElo "1515"]
[BlackElo "1215"]
[PlyCount "79"]
[EventDate "2017.06.09"]
[EventType "swiss"]
[EventRounds "6"]
[EventCountry "ARG"]
[SourceTitle "EXT 2024"]
[Source "ChessBase"]
[SourceDate "2023.10.10"]
[SourceVersion "1"]
[SourceVersionDate "2023.10.10"]
[SourceQuality "1"]

1. d4 Nf6 2. Nf3 g6 3. Bf4 Bg7 4. Qd2 d5 5. Bh6 0-0 6. Bxg7 Kxg7 7. Nc3 c6 8. 0-0-0 Bf5 9. Nh4 e6 10. Nxf5+ exf5 11. e3 Re8 12. Be2 Qa5 13. Kb1 Nbd7 14. h4 Re7 15. h5 Nf8 16. hxg6 fxg6 17. Rh2 Rae8 18. Rdh1 Qc7 19. Rh3 Ne6 20. f4 Rh8 21. Rg1 Kf7 22. g4 fxg4 23. Bxg4 Nxg4 24. Rxg4 Qd7 25. Rgh4 Ke8 26. Qh2 Kd8 27. Rh6 Rg7 28. Rg3 Qe7 29. a3 Qf6 30. Rgh3 Qf7 31. f5 gxf5 32. Qb8+ Ke7 33. Qxh8 Nc5 34. Rxh7 Ne6 35. Rxg7 Nxg7 36. Rh7 Kf6 37. Qd8+ Kg6 38. Qh4 Qg8 39. Qh6+ Kf7 40. Rh8 1-0

[Event "ARG-ch sf U2300 Villa Maria 2nd"]
[Site "Villa Maria"]
[Date "2017.04.23"]
[Round "4.4"]
[White "Martinez, Francisco Guillermo"]
[Black "Ronchese, Angel"]
[Result "1/2-1/2"]
[WhiteElo "1428"]
[BlackElo "1494"]
[PlyCount "94"]
[EventDate "2017.04.22"]
[EventType "swiss"]
[EventRounds "6"]
[EventCountry "ARG"]
[SourceTitle "EXT 2024"]
[Source "ChessBase"]
[SourceDate "2023.10.10"]
[SourceVersion "1"]
[SourceVersionDate "2023.10.10"]
[SourceQuality "1"]

1. d4 Nf6 2. c4 e6 3. Nf3 b6 4. g3 Bb7 5. Bg2 Ne4 6. 0-0 Be7 7. Qc2 0-0 8. Nc3 Nxc3 9. Qxc3 d5 10. Ne5 Nd7 11. Nxd7 Qxd7 12. Rd1 c6 13. a3 Ba6 14. cxd5 cxd5 15. Bf1 Rac8 16. Qf3 Rc2 17. Rd2 Rfc8 18. Rxc2 Rxc2 19. e3 Bxf1 20. Kxf1 Qc6 21. Qd1 e5 22. dxe5 d4 23. Kg1 d3 24. Rb1 Qb5 25. b4 a5 26. Bd2 a4 27. Rc1 Ra2 28. Rc8+ Bf8 29. Bc1 Re2 30. Rc3 Qxe5 31. Rxd3 Ra2 32. Qxa4 Qf5 33. Rd2 Ra1 34. Rd1 Qc8 35. Bb2 b5 36. Qb3 Qc4 37. Qxc4 Rxd1+ 38. Qf1 Rxf1+ 39. Kxf1 Bd6 40. Ke2 f6 41. Kd3 Kf7 42. Bd4 Ke6 43. e4 h5 44. f4 g6 45. Bc5 Bc7 46. Ke3 Bd6 47. Kd4 Bb8 1/2-1/2

[Event "ARG-ch sf U2300 Villa Maria 2nd"]
[Site "Villa Maria"]
[Date "2017.04.22"]
[Round "3.7"]
[White "Giovagnoli, Gonzalo"]
[Black "Ronchese, Angel"]
[Result "0-1"]
[WhiteElo "1352"]
[BlackElo "1494"]
[PlyCount "62"]
[EventDate "2017.04.22"]
[EventType "swiss"]
[EventRounds "6"]
[EventCountry "ARG"]
[SourceTitle "EXT 2024"]
[Source "ChessBase"]
[SourceDate "2023.10.10"]
[SourceVersion "1"]
[SourceVersionDate "2023.10.10"]
[SourceQuality "1"]

1. e4 c5 2. Nf3 d6 3. d4 cxd4 4. Nxd4 Nf6 5. Nc3 a6 6. Be2 e5 7. Nb3 b5 8. Bg5 Be7 9. Bxf6 Bxf6 10. Qd5 Ra7 11. 0-0-0 Be6 12. Qxd6 Rd7 13. Qc5 Be7 14. Qxe5 0-0 15. h4 Nc6 16. Qg3 Bd6 17. f4 Qc7 18. e5 Bb4 19. Rxd7 Qxd7 20. Rd1 Qc7 21. Nd5 Bxd5 22. Rxd5 Ne7 23. Rd1 Nf5 24. Qd3 g6 25. h5 Rc8 26. Bg4 Bf8 27. hxg6 hxg6 28. Bxf5 gxf5 29. Qxf5 Bg7 30. Rd7 Qc4 31. Rd3 Qxc2# 0-1